书目信息 |
| 题名: |
音乐编辑与音乐传播
|
|
| 作者: | 汪月波 著 | |
| 分册: | ||
| 出版信息: | 北京 中国广播电视出版社 2009 |
|
| 页数: | 209页 | |
| 开本: | 26cm | |
| 丛书名: | ||
| 单 册: | ||
| 中图分类: | G232 , J60-05 | |
| 科图分类: | ||
| 主题词: | 音乐--编辑工作 , 音乐学--传播学 , 音乐 , 编辑工作 , 音乐学 , 传播学 | |
| 电子资源: | ||
| ISBN: | 978-7-5043-5922-3 | |
| 000 | 01130nam0 2200325 45 | |
| 001 | 1029918956 | |
| 005 | 20100428151239.60 | |
| 010 | @a978-7-5043-5922-3@dCNY30.00 | |
| 100 | @a20100420d2009 em y0chiy50 ea | |
| 101 | 0 | @achi |
| 102 | @aCN@b110000 | |
| 105 | @ay z 000yy | |
| 106 | @ar | |
| 200 | 1 | @a音乐编辑与音乐传播@AYin Le Bian Ji Yu Yin Le Chuan Bo@f汪月波著@FWang Yue Bo Zhu |
| 210 | @a北京@c中国广播电视出版社@d2009 | |
| 215 | @a209页@d26cm | |
| 300 | @a现代传媒学术文库/项仲平、陈少波主编 | |
| 300 | @a浙江省哲学社会科学重点研究基地“浙江省传播与文化产业研究中心”资助 浙江省级重点学科“广播电视艺术学”资助 浙江传媒学院学术成果出版资助 | |
| 330 | @a本书共分6章,内容包括:认识音乐编辑;音乐编辑的职能与素质;音乐传播;现今社会音乐发展的新样式;音乐选配的艺术原则;Nuendo音乐编辑软件简介。 | |
| 606 | 0 | @a音乐@x编辑工作 |
| 606 | 0 | @a音乐学@x传播学 |
| 606 | 0 | @a音乐 |
| 606 | 0 | @a编辑工作 |
| 606 | 0 | @a音乐学 |
| 606 | 0 | @a传播学 |
| 690 | @aG232@v4 | |
| 690 | @aJ60-05@v4 | |
| 701 | 0 | @a汪月波@AWang Yue Bo@g(女)@4著 |
| 801 | 0 | @aCN@bTANGWEI@c20100428 |
| 905 | @b0594268-72@dG232@e56@f5 | |
| 音乐编辑与音乐传播/汪月波著.-北京:中国广播电视出版社,2009 |
| 209页;26cm |
| 现代传媒学术文库/项仲平、陈少波主编.-浙江省哲学社会科学重点研究基地“浙江省传播与文化产业研究中心”资助 浙江省级重点学科“广播电视艺术学”资助 浙江传媒学院学术成果出版资助 |
| ISBN 978-7-5043-5922-3:CNY30.00 |
| 本书共分6章,内容包括:认识音乐编辑;音乐编辑的职能与素质;音乐传播;现今社会音乐发展的新样式;音乐选配的艺术原则;Nuendo音乐编辑软件简介。 |
| ● |
| 相关链接 |
|
|
|
|
正题名:音乐编辑与音乐传播
索取号:G232/56
 
预约/预借
| 序号 | 登录号 | 条形码 | 馆藏地/架位号 | 状态 | 备注 |
| 1 | 0594268 | 205942685 | 第一样本阅览室/ [索取号:G232/56] | 在馆 | |
| 2 | 0594269 | 205942694 | 第四借阅区/ [索取号:G232/56] | 在馆 | |
| 3 | 0594270 | 205942701 | 第四借阅区/ [索取号:G232/56] | 在馆 | |
| 4 | 0594271 | 205942710 | 第四借阅区/ [索取号:G232/56] | 在馆 | |
| 5 | 0594272 | 205942729 | 第四借阅区/ [索取号:G232/56] | 在馆 |